000 01231nam a2200313 4500
003 EG-GICUC
005 20260121101341.0
008 251124s1975 le ||||fr|||| 000 0 ara d
040 _a EG-GICUC
_bara
_c EG-GICUC
_d EG-GICUC
_erda
041 0 _aara
082 0 4 _221
_a252.2
_bم ح . س
092 0 4 _221
099 _aLaw1 01 252.2 م ح . س 1934
100 0 _a محمد عبدالسلام خضر الشقيري
_eمؤلف.
245 1 2 _aالسنن و المبتدعات المتعلقة بالأذكار و الصلوات /
_cتأليف محمد عبد السلام خضر الشقيري.
250 _aالطبعة الأولي
264 1 _aبيروت :
_bدار الكتب العلمية،
_c1975.
300 _a439 صفحة، صفحات غير مرقمة :
_bمختلف الترقيم ؛
_c24 سم.
336 _2rda content
_atext
337 _2rda media
_aComputer
338 _2rda carrier
_aOnline Resource
504 _aيشتمل على إرجاعات ببليوجرافية.
546 _aالنص باللغة العربية
650 1 _aالصلاة
_2qrmak
651 1 _2qrmak
856 4 0 _uhttps://fll.law.cu.edu.eg/fulltext/bks/B01-04510.pdf
905 _a62
_eYara
942 _2ddc
_n0
_cBK
_e21
999 _c45809
_d45809